| 000 | 00838 a2200265 4500 | ||
|---|---|---|---|
| 003 | CBULib | ||
| 005 | 20241211142339.0 | ||
| 008 | 241210b |||||||| |||| 00| 0 eng d | ||
| 020 | _a9780323722001 | ||
| 040 |
_bEnglish _cCBULib _erda |
||
| 050 | _aSF 774.5 Bas | ||
| 100 | _aBassert, Joanna M. | ||
| 245 |
_aMcCurnin's clinical textbook for veterinary technicians and nurses _c/ by Joanna M. Bassert |
||
| 250 | _aTenth edition. | ||
| 260 |
_bElsevier, _c2022 _aSt. Louis : |
||
| 300 | _axxvi, 1262 pages : color illustrations | ||
| 336 |
_2rdacontent _aText | _btxt |
||
| 337 |
_2rdamedia _aUnmediated | _bn |
||
| 338 |
_2rdacarrier _aVolume _bnc |
||
| 500 | _aIncludes an index | ||
| 650 | 0 |
_94161 _aVETERINARY INTERNAL MEDICINE |
|
| 650 | 0 |
_9325 _aVETERINARY MEDICINE |
|
| 650 | 0 |
_91356 _aVETERINARY NURSING |
|
| 942 |
_2lcc _c002 |
||
| 999 |
_c85848 _d85848 |
||